00592nam a22002057a 450000500170000001000150001702000260003203500130005803700130007108200140008410000210009824500660011926000280018527000510021330000250026450000400028970000180032970000190034770000200036620240620122257.0 aENG-113630 c425.00a9789384757687 aEN-97162 bDBAD/PUB a305.30954 aShah, Chayanika  aNo outlaws in the gender galaxy/cBy Chayanika Shah...[et al] aNew DelhibZubaanc2015 a128B Shahpur Jat, 1st FloorbNew Delhie110049 axxx,250p.c21cm(pbk) aIncludes bibliographical references aMerchant, Raj aMahajan, Shals aNevetia, Smriti